Lei do Bem Como alavancar a inovaȯ̂ com o uso de incentivos fiscais

Bibliographic Details
Format: eBook
Language:Portuguese
Published: San Pablo: Pillares, 2017
Subjects:
Online Access:Acceso restringido

MARC

LEADER 00000nam a22000007a 4500
005 20180417220513.0
007 cr|||| ||||
008 180417s2017 br |||||s|||| 00||0 por d
020 |a 978-85-8183-051-3 
035 |a 21429 
040 |a vLex 
090 |c 7778  |d 7778 
245 0 0 |a Lei do Bem  |h [Recurso electrn̤ico] :  |b Como alavancar a inovaȯ̂ com o uso de incentivos fiscais 
256 |a Servicio en ln̕ea 
260 |a San Pablo:  |b Pillares,  |c 2017 
300 |a 1 recurso electrn̤ico 
506 1 |a Disponible solo en los productos indicados  |d vLex Global  |d vLex Global (Academic Edition, excluding Law Schools)  |d vLex Global (U.S. Academic Edition, Law Schools)  |d vLex Global (U.S. Academic Edition, excluding Law Schools)  |d vLex Global (Academic Edition, Law Schools) 
650 0 4 |a Derecho Fiscal  |z Brasil 
650 0 4 |a Derecho Tributario  |z Brasil 
740 0 |a vLex Libros (Servicio en ln̕ea) 
856 4 0 |u http://vlex.com/source/lei-do-bem-como-alavancar-a-inova-o-com-o-uso-de-incentivos-fiscais-21429  |z Acceso restringido 
942 |c BOOK 
999 0 |a Tax Law 
999 0 |a Tax Law